书目信息 |
| 题名: |
当代艺术思路之旅
|
|
| 作者: | 高千惠 著 | |
| 分册: | ||
| 出版信息: | 桂林 广西师范大学出版社 2003 |
|
| 页数: | 276页 | |
| 开本: | 21cm | |
| 丛书名: | 贝贝特艺术广场 | |
| 单 册: | ||
| 中图分类: | J051 | |
| 科图分类: | ||
| 主题词: | 艺术评论--世界--现代 | |
| 电子资源: | ||
| ISBN: | 7-5633-3868-3 | |
| 000 | 00827oam2 2200241 45 | |
| 001 | 002361435 | |
| 005 | 20050323094631.5 | |
| 010 | @a7-5633-3868-3@dCNY39.80 | |
| 100 | @a20030519d2003 em y0chiy0110 ea | |
| 101 | 0 | @achi |
| 102 | @aCN@b450000 | |
| 105 | @aa z 000yy | |
| 200 | 1 | @a当代艺术思路之旅@Adang dai yi shu si lu zhi lv@dA Journey to Contemporary ARY@f高千惠著@FGao Qian Hui Zhu |
| 210 | @a桂林@c广西师范大学出版社@d2003 | |
| 215 | @a276页@c照片@d21cm | |
| 225 | 2 | @a贝贝特艺术广场@i艺术行旅书系@v2 |
| 330 | @a本书作者以一个东方人的角度切入对西方艺术文化的观察,体现了世纪之交当代国际艺坛的现状和发展趋势,全书共有两卷。 | |
| 410 | @12001 @a艺术行旅书系@v2 | |
| 606 | 0 | @a艺术评论@y世界@z现代 |
| 690 | @aJ051@v4 | |
| 701 | 0 | @a高千惠@4著 |
| 801 | 0 | @aCN@bNLC@c20030728 |
| 905 | @f5@b345765-769@dJ051@e122 | |
| 当代艺术思路之旅=A Journey to Contemporary ARY/高千惠著.-桂林:广西师范大学出版社,2003 |
| 276页:照片;21cm.-(贝贝特艺术广场.艺术行旅书系;2) |
| ISBN 7-5633-3868-3:CNY39.80 |
| 本书作者以一个东方人的角度切入对西方艺术文化的观察,体现了世纪之交当代国际艺坛的现状和发展趋势,全书共有两卷。 |
| ● |
| 相关链接 |
|
|
|
|
正题名:当代艺术思路之旅
索取号:J051/122
 
预约/预借
| 序号 | 登录号 | 条形码 | 馆藏地/架位号 | 状态 | 备注 |
| 1 | 0345765 | 203457650 | 第一样本阅览室/ [索取号:J051/122] | 在馆 | |
| 2 | 0345766 | 203457669 | 第一借阅区/ [索取号:J051/122] | 在馆 | |
| 3 | 0345767 | 203457678 | 第一借阅区/ [索取号:J051/122] | 在馆 | |
| 4 | 0345768 | 203457687 | 第一借阅区/ [索取号:J051/122] | 在馆 | |
| 5 | 0345769 | 203457696 | 第一借阅区/ [索取号:J051/122] | 在馆 |